Computer Communications Information : A User's Introduction. (Record no. 152)

MARC details
005 - DATE AND TIME OF LATEST TRANSACTION
control field 20250616172827.0
020 ## - INTERNATIONAL STANDARD BOOK NUMBER
International Standard Book Number 0-07-229748-4
082 ## - DEWEY DECIMAL CLASSIFICATION NUMBER
Classification number 004 HUT
100 ## - MAIN ENTRY--PERSONAL NAME
Author name HUTCHINSON, S. E.
245 ## - TITLE STATEMENT
Title Computer Communications Information : A User's Introduction.
260 ## - PUBLICATION, DISTRIBUTION, ETC.
Place of publication, distribution, etc. New York,
Name of publisher, distributor, etc. Mcgraw- Hill Higher Education,
Date of publication, distribution, etc. 2000.
300 ## - PHYSICAL DESCRIPTION
Extent xv,167p.:Ill.; figures, pictures,
Other physical details Index
Dimensions 27cm.
700 ## - ADDED ENTRY--PERSONAL NAME
Other authors/Editors SAWYER, S. C.
942 ## - ADDED ENTRY ELEMENTS (KOHA)
Source of classification or shelving scheme Dewey Decimal Classification
Koha item type Books
Holdings
Date last seen Total checkouts Full call number Barcode Cost, replacement price Price effective from Koha item type Lost status Source of classification or shelving scheme Damaged status Not for loan Withdrawn status Home library Current library Shelving location Date acquired Cost, normal purchase price
03/07/2025   004 HUT 000000325 30000.00 03/07/2025 Books   Dewey Decimal Classification       College of Business Education Main Library College of Business Education Main Library General Collection 03/07/2025 10000.00
03/07/2025   004 HUT 000000326 30000.00 03/07/2025 Books   Dewey Decimal Classification       College of Business Education Main Library College of Business Education Main Library General Collection 03/07/2025 10000.00